000 00678cab a2200277 4500
001 ABS51238
008 090401t1994 xxu||||| |||| 00| 0 eng d
035 _a(Sirsi) u16505
041 _aeng
245 _aFocus 94 : Eire and Northern Ireland
260 _c1994
350 _a0
490 _aEstates Gazette
_v(9435) 3 September 1994, 67-84(11)
650 _aBANGOR
650 _aBELFAST
650 _aCORK
650 _aDUBLIN
650 _aEIRE
650 _aGALWAY
650 _aLIMERICK
650 _aLONDONDERRY
650 _aNORTHERN IRELAND
690 _aPROPERTY-COMMERCIAL PROPERTY-COMMERCIAL PROPERTY MARKET
942 _n0
948 _c04/03/1997
999 _c10872
_d10872